Peintres connus 2 - Statistiques

Statistiques générales
  • Ce quiz a été pris 9 fois
  • Le résultat moyen est 7 sur 16
Statistiques - réponses
Par images Réponse % Correct
Jackson Pollock
71%
Le Caravage
71%
Diego Velázquez
57%
Eugène Delacroix
57%
Francisco de Goya
57%
Le Greco
57%
Paul Gauguin
57%
Edward Hopper
43%
Jerôme Bosch
43%
Marc Chagall
43%
Sandro Botticelli
43%
Titien
43%
Edvard Munch
29%
Georges Seurat
29%
Joan Miró
29%
Piet Mondrian
14%
Aucun quiz correspondant
Distribution des résultats
% des personnes avec chaque résultat
Percentile par nombre de réponses
Votre historique - résultats
Vous n’avez pas pris ce quiz